Normale Ansicht MARC-Ansicht ISBD

Ephemeral spectacles, exhibition spaces and museums : (Titelsatznr. 59657)

[ MARC ]
MARC-Details
000 -Satzkennung
Kontrollfeld mit fester Länge 01673nam a2200421 i 4500
001 - Kontrollnummer
Kontrollfeld EBC6578990
003 - Kontrollnummer Identifier
Kontrollfeld MiAaPQ
005 - Datum und Zeit der letzten Transaktion
Kontrollfeld 20220407142258.0
007 - Feld mit fester Länge zur physischen Beschreibung - Allgemeine Information
Kontrollfeld mit fester Länge cr cnu||||||||
008 - Feld mit fester Länge zur physischen Beschreibung - Allgemeine Angaben
Kontrollfeld mit fester Länge 211204s2021 ne o 000 0 eng d
020 ## - Internationale Standardbuchnummer
Gelöschte/ungültige ISBN 9789463720908
Nähere Angaben (print)
020 ## - Internationale Standardbuchnummer
Internationale Standardbuchnummer 9789048542932
Nähere Angaben (electronic bk.)
040 ## - Katalogisierungsquelle
Original-Katalogisierungsstelle MiAaPQ
Katalogisierungssprache eng
Übertragungsstelle MiAaPQ
245 00 - Titel
Titel Ephemeral spectacles, exhibition spaces and museums :
Zusatz zum Titel 1750-1918 /
Verfasserangabe etc. edited by Dominique Bauer and Camilla Murgia.
264 #1 - Produktion, Veröffentlichung, Distribution, Herstellung und Urheberrechtsvermerk
Herstellungs-, Veröffentlichungs- Vertriebs-, Erzeugungsort Amsterdam :
Produzent, Herausgeber, Distributor, Hersteller Amsterdam University Press,
Datum der Herstellung, der Veröffentlichung, des Vertriebs oder des Urheberschutzvermerks [2021]
264 #4 - Produktion, Veröffentlichung, Distribution, Herstellung und Urheberrechtsvermerk
Datum der Herstellung, der Veröffentlichung, des Vertriebs oder des Urheberschutzvermerks ©2021
300 ## - Physische Beschreibung
Umfang 1 online resource (302 pages).
336 ## - Inhaltstyp
Inhaltstypterm Text
Inhaltstypcode txt
Quelle rdacontent
337 ## - Medientyp
Bezeichnung des Medientyps Computermedien
Medientypcode c
Quelle rdamedia
338 ## - Datenträgertyp
Datenträgertypbezeichnung Online Resource
Datenträgertypcode cr
Quelle rdacarrier
490 1# - Gesamttitelangabe
Gesamttitelangabe Spatial Imageries in Historical Perspective
500 ## - Allgemeine Fußnote
Allgemeine Fußnote E-Book-ProQuest / Fernzugriff nach Registrierung möglich
650 #4 - Nebeneintragung unter einem Schlagwort - Sachschlagwort
Sachschlagwort oder geografischer Name als Eintragungselement Kaufhaus
Koha-Normdatenidentnummer 5198
650 #4 - Nebeneintragung unter einem Schlagwort - Sachschlagwort
Sachschlagwort oder geografischer Name als Eintragungselement Museum
Koha-Normdatenidentnummer 823
650 #4 - Nebeneintragung unter einem Schlagwort - Sachschlagwort
Sachschlagwort oder geografischer Name als Eintragungselement Ausstellung
Koha-Normdatenidentnummer 5199
653 ## - Indexierungsterm - Nicht normiert
Nicht-normierter Term Museum exhibits.
653 ## - Indexierungsterm - Nicht normiert
Nicht-normierter Term Museums.
655 #4 - Indexierungsterm - Genre/Form
Genre/Form oder fokussierter Term
655 ## - Indexierungsterm - Genre/Form
Genre/Form oder fokussierter Term Fernzugriff
Koha-Normdatenidentnummer 230
700 1# - Nebeneintragung - Personenname
Personenname Bauer, Dominique,
Funktionsbezeichnung editor.
Koha-Normdatenidentnummer 5119
700 1# - Nebeneintragung - Personenname
Personenname Murgia, Camilla,
Funktionsbezeichnung editor.
Koha-Normdatenidentnummer 5120
776 08 - Andere physische Form
Verweisungsphrase Print version:
Titel Ephemeral spectacles, exhibition spaces and museums : 1750-1918.
Ort, Verlag und Erscheinungsjahr Amsterdam : Amsterdam University Press, 2021
Physische Beschreibung 302 pages
Gesamttitelangabe des verknüpften Exemplars Spatial imageries in historical perspective.
Internationale Standardbuchnummer 9789463720908
830 #0 - Nebeneintragung unter dem Gesamttitel - Einheitstitel
Einheitstitel Spatial imageries in historical perspective.
Koha-Normdatenidentnummer 5121
856 40 - Elektronische Adresse und Zugriff
URL <a href="https://ebookcentral.proquest.com/lib/maxweberstiftung-ebooks/detail.action?docID=6578990">https://ebookcentral.proquest.com/lib/maxweberstiftung-ebooks/detail.action?docID=6578990</a>
OPAC-Notiz Volltext
942 ## - Zusätzliche Felder (Koha)
Koha-Medientyp E-Books
Klassifikation oder Aufstellungssystematik Andere/Generische Klassifikation
Exemplare
Ausgeschieden Verloren Klassifikation oder Aufstellungssystematik Beschädigt Nicht entleihbar Heimatbibliothek Aufenthaltsbibliothek Aufstellungsort Erwerbungsdatum Inventarnummer Signatur Barcode Letzte Aktivität Preis gültig von Koha-Medientyp
    Andere/Generische Klassifikation     MWN Osteuropa MWN Osteuropa Online-Ressource 05/04/2022 22-e00519 E-22-e00519 60448 05/04/2022 05/04/2022 E-Books